[Event "SVK-ch Open 2018"]
[Site "Banska Stiavnica"]
[Date "2018.07.13"]
[Round "7"]
[White "Hyll, Jan"]
[Black "Gyerpal, Adrian"]
[Result "1/2-1/2"]
[WhiteElo "1915"]
[BlackElo "1990"]
[Annotator "NA"]
[PlyCount "154"]
[EventDate "2018.07.07"]
[EventType "swiss"]
[EventCountry "SVK"]
[SourceTitle "playchess.com"]
[Source "ChessBase"]
[SourceQuality "1"]
[TimeControl "40/5400+30:1800+30"]

1. d4 {[%emt 0:00:00]} Nf6 {[%emt 0:00:00]} 2. e3 {[%emt 0:00:00]} g6 {[%emt 0:00:16]} 3. Bd3 {[%emt 0:00:00]} Bg7 {[%emt 0:00:25]} 4. Nf3 {[%emt 0:00:03]} O-O {[%emt 0:00:33]} 5. O-O {[%emt 0:00:03]} d6 {[%emt 0:00:30]} 6. Nbd2 {[%emt 0:00:22]} c5 {[%emt 0:01:07]} 7. c3 {[%emt 0:00:07]} b6 {[%emt 0:01:03]} 8. Qe2 {[%emt 0:00:17]} Bb7 {[%emt 0:01:31]} 9. dxc5 {[%emt 0:00:56]} bxc5 {[%emt 0:02:21]} 10. e4 {[%emt 0:00:40]} Nbd7 {[%emt 0:03:33]} 11. Ba6 {[%emt 0:01:34]} Bxa6 {[%emt 0:03:20]} 12. Qxa6 {[%emt 0:00:02]} Nb6 {[%emt 0:01:37]} 13. Qe2 {[%emt 0:01:21]} Qc7 {[%emt 0:03:31]} 14. Nc4 {[%emt 0:07:16]} d5 {[%emt 0:08:28]} 15. Nxb6 {[%emt 0:01:58]} axb6 {[%emt 0:01:26]} 16. exd5 {[%emt 0:00:06]} Nxd5 {[%emt 0:00:51]} 17. Bg5 {[%emt 0:04:32]} Rfe8 {[%emt 0:08:18]} 18. Rad1 {[%emt 0:01:46]} e6 {[%emt 0:06:01]} 19. Rfe1 {[%emt 0:02:29]} h6 {[%emt 0:06:03]} 20. Bc1 {[%emt 0:02:17]} Rad8 {[%emt 0:04:06]} 21. Qc4 {[%emt 0:03:06]} Rd7 {[%emt 0:06:16]} 22. Rd3 {[%emt 0:07:48]} Red8 {[%emt 0:01:45]} 23. Red1 {[%emt 0:00:56]} Ne7 {[%emt 0:15:46]} 24. Qe4 {[%emt 0:08:21]} Rxd3 {[%emt 0:01:52]} 25. Rxd3 {[%emt 0:00:08]} Rxd3 {[%emt 0:00:44]} 26. Qxd3 {[%emt 0:00:01]} Nd5 {[%emt 0:02:46]} 27. a3 {[%emt 0:02:13]} g5 {[%emt 0:05:24]} 28. h3 {[%emt 0:01:41]} f5 {[%emt 0:01:49]} 29. Bd2 {[%emt 0:05:38]} Nf6 {[%emt 0:01:18]} 30. Qe2 {[%emt 0:05:04]} Qd6 {[%emt 0:01:30]} 31. Be1 {[%emt 0:03:55]} g4 {[%emt 0:03:11]} 32. hxg4 {[%emt 0:00:30]} Nxg4 {[%emt 0:00:25]} 33. g3 {[%emt 0:00:27]} Qd5 {[%emt 0:02:11]} 34. Nh2 {[%emt 0:03:22]} Ne5 {[%emt 0:00:50]} 35. Bd2 {[%emt 0:06:21]} c4 {[%emt 0:02:29]} 36. Be3 {[%emt 0:01:26]} Qd3 {[%emt 0:02:19]} 37. Qh5 {[%emt 0:11:43]} Qb1+ {[%emt 0:01:08]} 38. Kg2 {[%emt 0:00:08]} Qe4+ {[%emt 0:00:11]} 39. Kh3 {[%emt 0:00:53]} Nf7 {[%emt 0:01:18]} 40. Qf3 {[%emt 0:05:07]} Qb1 {[%emt 0:01:05]} 41. Qc6 {[%emt 0:00:12]} Qxb2 {[%emt 0:04:55]} 42. Qxc4 Qxa3 {[%emt 0:02:25]} 43. Qc8+ {[%emt 0:03:20]} Bf8 44. Qxe6 {[%emt 0:11:51]} Qxc3 {[%emt 0:03:41]} 45. Qxb6 {[%emt 0:00:30]} Bg7 {[%emt 0:06:45]} 46. Nf3 {[%emt 0:00:50]} Qf6 {[%emt 0:01:31]} 47. Qb8+ {[%emt 0:07:17]} Kh7 {[%emt 0:00:35]} 48. Qf4 {[%emt 0:01:23]} Ng5+ {[%emt 0:02:16]} 49. Nxg5+ {[%emt 0:01:24]} hxg5 {[%emt 0:00:02]} 50. Qxg5 {[%emt 0:00:49]} Qxg5 {[%emt 0:00:01]} 51. Bxg5 {[%emt 0:00:14]} Kg6 {[%emt 0:00:07]} 52. Bf4 {[%emt 0:00:19]} Bd4 {[%emt 0:00:15]} 53. Be3 {[%emt 0:00:37]} Bc3 {[%emt 0:00:09]} 54. Kg2 {[%emt 0:00:29]} Bb2 {[%emt 0:00:21]} 55. Kf3 {[%emt 0:00:28]} Be5 {[%emt 0:00:13]} 56. Ke2 {[%emt 0:00:14]} Bb2 {[%emt 0:00:38]} 57. Kd3 Bf6 {[%emt 0:00:12]} 58. Kc4 {[%emt 0:00:20]} Bb2 {[%emt 0:00:27]} 59. Kd5 {[%emt 0:00:32]} Bc3 {[%emt 0:00:10]} 60. Bf4 {[%emt 0:00:32]} Be1 {[%emt 0:00:14]} 61. f3 {[%emt 0:00:06]} Bc3 {[%emt 0:00:19]} 62. Ke6 {[%emt 0:00:54]} Bd4 {[%emt 0:00:28]} 63. Be5 {[%emt 0:01:01]} Bc5 {[%emt 0:00:22]} 64. Kd5 {[%emt 0:01:14]} Ba3 {[%emt 0:00:09]} 65. Bd4 {[%emt 0:00:31]} Bb4 {[%emt 0:00:23]} 66. Bc5 {[%emt 0:00:52]} Bc3 {[%emt 0:00:06]} 67. Kc4 {[%emt 0:00:11]} Bf6 {[%emt 0:00:08]} 68. Bd6 {[%emt 0:00:35]} Bb2 {[%emt 0:00:10]} 69. Kd3 Bf6 {[%emt 0:00:11]} 70. Ke3 {[%emt 0:00:17]} Bb2 {[%emt 0:00:14]} 71. Kf2 {[%emt 0:00:05]} Bd4+ {[%emt 0:00:13]} 72. Kg2 {[%emt 0:00:01]} Bc3 {[%emt 0:00:16]} 73. Kh3 Bd4 {[%emt 0:00:13]} 74. g4 {[%emt 0:00:14]} fxg4+ {[%emt 0:00:06]} 75. Kxg4 {[%emt 0:00:09]} Kf7 {[%emt 0:00:09]} 76. f4 {[%emt 0:00:35]} Be3 {[%emt 0:00:07]} 77. f5 {[%emt 0:00:05]} Bd4 {[%emt 0:00:04]} 1/2-1/2

[Event "SVK-ch Open 2018"]
[Site "Banska Stiavnica"]
[Date "2018.07.13"]
[Round "7"]
[White "Brnusak, Tomas"]
[Black "Tepper, Frantisek"]
[Result "0-1"]
[WhiteElo "1910"]
[BlackElo "2050"]
[Annotator "NA"]
[PlyCount "72"]
[EventDate "2018.07.07"]
[EventType "swiss"]
[EventCountry "SVK"]
[SourceTitle "playchess.com"]
[Source "ChessBase"]
[SourceQuality "1"]
[TimeControl "40/5400+30:1800+30"]

1. d4 {[%emt 0:00:00]} Nf6 {[%emt 0:00:00]} 2. c4 {[%emt 0:00:41]} g6 {[%emt 0:00:00]} 3. Nc3 {[%emt 0:00:37]} Bg7 {[%emt 0:00:00]} 4. e4 {[%emt 0:01:52]} d6 {[%emt 0:00:01]} 5. Be2 {[%emt 0:02:38]} O-O {[%emt 0:00:46]} 6. Be3 {[%emt 0:02:38]} e5 {[%emt 0:15:28]} 7. d5 {[%emt 0:01:12]} h6 {[%emt 0:05:46]} 8. h4 {[%emt 0:01:48]} a5 {[%emt 0:02:05]} 9. g4 {[%emt 0:01:52]} Ne8 {[%emt 0:00:08]} 10. Qd2 {[%emt 0:01:38]} Kh7 {[%emt 0:00:03]} 11. O-O-O {[%emt 0:01:46]} Na6 {[%emt 0:01:23]} 12. Nh3 {[%emt 0:01:11]} Nc5 {[%emt 0:01:05]} 13. g5 {[%emt 0:03:20]} h5 {[%emt 0:00:37]} 14. f3 {[%emt 0:01:20]} b6 {[%emt 0:08:22]} 15. Nf2 {[%emt 0:04:16]} Bd7 {[%emt 0:09:37]} 16. Nd3 {[%emt 0:01:31]} Qe7 {[%emt 0:06:24]} 17. Kb1 {[%emt 0:05:12]} Kg8 {[%emt 0:04:27]} 18. Qc2 {[%emt 0:01:25]} Rb8 {[%emt 0:09:10]} 19. a3 {[%emt 0:04:18]} c6 {[%emt 0:06:31]} 20. Nxc5 {[%emt 0:00:45]} bxc5 {[%emt 0:00:23]} 21. dxc6 {[%emt 0:02:20]} Bxc6 {[%emt 0:00:02]} 22. Nd5 {[%emt 0:00:19]} Bxd5 {[%emt 0:00:14]} 23. Rxd5 {[%emt 0:00:17]} Nc7 {[%emt 0:00:18]} 24. Rd3 {[%emt 0:01:40]} Ne6 {[%emt 0:02:21]} 25. Qd2 {[%emt 0:01:09]} Nd4 {[%emt 0:01:14]} 26. Bxd4 {[%emt 0:00:43]} exd4 {[%emt 0:00:03]} 27. Qxa5 {[%emt 0:01:22]} Rb7 {[%emt 0:02:24]} 28. Bd1 {[%emt 0:01:39]} Rfb8 {[%emt 0:00:48]} 29. Rd2 {[%emt 0:03:04]} d3 {[%emt 0:00:25]} 30. Rxd3 {[%emt 0:10:19]} Rxb2+ {[%emt 0:00:02]} 31. Kc1 {[%emt 0:00:30]} Qe5 {[%emt 0:01:49]} 32. Bc2 {[%emt 0:01:38]} Rxc2+ {[%emt 0:00:16]} 33. Kxc2 {[%emt 0:00:33]} Qb2+ {[%emt 0:00:00]} 34. Kd1 {[%emt 0:01:02]} Qb1+ {[%emt 0:00:20]} 35. Ke2 {[%emt 0:00:28]} Qxh1 {[%emt 0:00:08]} 36. Rxd6 {[%emt 0:02:00]} Qh2+ {[%emt 0:00:09]} 0-1

[Event "SVK-ch Open 2018"]
[Site "Banska Stiavnica"]
[Date "2018.07.13"]
[Round "7"]
[White "Bango, Dominik"]
[Black "Sandor, Martin"]
[Result "1/2-1/2"]
[WhiteElo "1835"]
[BlackElo "1968"]
[Annotator "NA"]
[PlyCount "70"]
[EventDate "2018.07.07"]
[EventType "swiss"]
[EventCountry "SVK"]
[SourceTitle "playchess.com"]
[Source "ChessBase"]
[SourceQuality "1"]
[TimeControl "40/5400+30:1800+30"]

1. e4 {[%emt 0:04:02]} c5 {[%emt 0:00:00]} 2. Nf3 {[%emt 0:00:07]} d6 {[%emt 0:00:00]} 3. c3 {[%emt 0:00:09]} Nf6 {[%emt 0:03:25]} 4. Be2 {[%emt 0:00:20]} Nc6 {[%emt 0:00:34]} 5. d4 {[%emt 0:00:12]} cxd4 {[%emt 0:01:38]} 6. cxd4 {[%emt 0:00:05]} e6 {[%emt 0:01:39]} 7. Nc3 {[%emt 0:01:28]} Be7 {[%emt 0:01:54]} 8. O-O {[%emt 0:00:28]} O-O {[%emt 0:01:15]} 9. Re1 {[%emt 0:06:25]} a6 {[%emt 0:02:28]} 10. Bf4 {[%emt 0:13:35]} b5 {[%emt 0:06:59]} 11. d5 {[%emt 0:07:08]} exd5 {[%emt 0:02:45]} 12. exd5 {[%emt 0:05:41]} Nb8 {[%emt 0:01:00]} 13. b4 {[%emt 0:02:22]} Re8 {[%emt 0:03:32]} 14. Nd4 {[%emt 0:07:05]} Bb7 {[%emt 0:03:52]} 15. Bf3 {[%emt 0:01:18]} Bf8 {[%emt 0:04:47]} 16. Rc1 {[%emt 0:09:22]} Nbd7 {[%emt 0:08:17]} 17. Nc6 {[%emt 0:12:42]} Rxe1+ {[%emt 0:02:34]} 18. Qxe1 {[%emt 0:00:05]} Qe8 {[%emt 0:01:48]} 19. Na5 {[%emt 0:14:00]} Qxe1+ {[%emt 0:02:44]} 20. Rxe1 {[%emt 0:01:06]} Rb8 {[%emt 0:00:24]} 21. Nxb7 {[%emt 0:04:45]} Rxb7 {[%emt 0:00:49]} 22. Ne4 {[%emt 0:00:31]} Nxe4 {[%emt 0:00:38]} 23. Bxe4 {[%emt 0:01:45]} Nf6 {[%emt 0:02:48]} 24. Bf3 {[%emt 0:00:18]} Rc7 {[%emt 0:01:06]} 25. Rc1 {[%emt 0:00:40]} Rxc1+ {[%emt 0:01:18]} 26. Bxc1 {[%emt 0:00:06]} Nd7 {[%emt 0:00:14]} 27. Bf4 {[%emt 0:03:50]} g6 {[%emt 0:05:16]} 28. Kf1 {[%emt 0:02:36]} Ne5 {[%emt 0:00:30]} 29. Bxe5 {[%emt 0:01:41]} dxe5 {[%emt 0:00:06]} 30. a3 {[%emt 0:00:07]} f5 {[%emt 0:00:54]} 31. d6 {[%emt 0:00:20]} Bxd6 {[%emt 0:01:11]} 32. Bb7 {[%emt 0:00:07]} a5 {[%emt 0:00:40]} 33. bxa5 {[%emt 0:00:32]} Bxa3 {[%emt 0:00:12]} 34. Bc6 {[%emt 0:00:26]} Kf7 {[%emt 0:03:20]} 35. Bxb5 {[%emt 0:00:24]} Bc5 {[%emt 0:00:19]} 1/2-1/2

[Event "SVK-ch Open 2018"]
[Site "Banska Stiavnica"]
[Date "2018.07.14"]
[Round "8"]
[White "Aczel, Gergely"]
[Black "Vojtek, Vladimir"]
[Result "1-0"]
[WhiteElo "2538"]
[BlackElo "2310"]
[Annotator "TA"]
[PlyCount "51"]
[EventDate "2018.07.07"]
[EventType "swiss"]
[EventCountry "SVK"]
[SourceTitle "playchess.com"]
[Source "ChessBase"]
[SourceQuality "1"]

{[%evp 12,51,13,20,43,44,47,46,48,51,55,50,111,97,102,78,68,61,89,81,114,105,232,230,231,200,229,183,184,182,184,176,267,173,928,920,1035,581,1315,1278,29996,29993]} 1. d4 b5 2. e4 Bb7 3. Bd3 Nf6 4. Qe2 c5 5. dxc5 Na6 6. f3 {A40: Verschiedene (seltene) Antworten auf 1.d4} Nxc5 7. Bxb5 {LiveBook: 3 Partien} a6 $146 ({Vorgänger:} 7... e6 8. Nc3 Be7 9. Nh3 O-O 10. O-O a6 11. Bc4 d5 12. exd5 Nxd5 {1-0 (60) De Magalhaes,L (2521)-De Filippis,F (2418) ICCF email 2011}) 8. Bc4 {Weiß steht etwas besser.} d5 9. exd5 Nxd5 10. Nh3 e6 11. O-O Bd6 {[#]} (11... Nf6 $14) 12. Bxd5 $1 $16 Bxd5 13. Nc3 Bb7 14. Bf4 Bxf4 15. Nxf4 Qd4+ 16. Qf2 Nb3 (16... Qxf2+ $16 {ist wohl besser.} 17. Kxf2 Ke7) 17. axb3 $18 Qxf4 18. Ra4 Qf6 19. Rb4 $36 {[%mdl 2048] Schwarz muss aufpassen.} Qe7 20. Qb6 Rb8 21. Rc4 Qd8 (21... O-O $142 22. Rc7 Qd8) 22. Rc7 Be4 $2 (22... O-O) 23. Qc5 Bxc2 24. Re1 {[#] zielt auf Sd5 ab.} h6 25. Nd5 {Weiss will mit Ta7 Matt setzen.} Qg5 26. Qc6+ {Precision: Weiß = 69%, Schwarz = 16%.} 1-0

[Event "SVK-ch Open 2018"]
[Site "Banska Stiavnica"]
[Date "2018.07.14"]
[Round "8"]
[White "Bokros, Albert"]
[Black "Urhegyi, Marton"]
[Result "1/2-1/2"]
[WhiteElo "2465"]
[BlackElo "2303"]
[Annotator "TA"]
[PlyCount "37"]
[EventDate "2018.07.07"]
[EventType "swiss"]
[EventCountry "SVK"]
[SourceTitle "playchess.com"]
[Source "ChessBase"]
[SourceQuality "1"]

{[%evp 18,37,32,29,60,52,66,62,58,58,55,59,63,58,58,7,22,15,28,-2,0,0]} 1. e4 c5 2. Nf3 d6 3. d4 cxd4 4. Qxd4 a6 5. h3 (5. c4 Nc6 6. Qe3 Bg4 7. Nd4 g6 8. Nc3 Bg7 9. Nxc6 bxc6 10. h3 Be6 11. Be2 Nf6 12. O-O O-O 13. f4 Qa5 14. Bd2 {1-0 (50) Karjakin,S (2763)-Nepomniachtchi,I (2751) Moscow 2018}) 5... Nc6 6. Qe3 {B53: Sicilian: 2...d6: Lines with Qxd4} g6 7. c4 Bg7 8. Nc3 Nf6 9. Be2 O-O 10. O-O {LiveBook: 177 Games} Bd7 11. Rb1 Rc8 12. b3 Qa5 13. Bd2 $146 Qc5 14. Qxc5 dxc5 15. e5 Ne8 $1 16. Nd5 ({White should try} 16. Rbd1 $14) 16... Bf5 17. Rbd1 Nc7 18. Bg5 Rfe8 19. Nxc7 1/2-1/2

[Event "SVK-ch Open 2018"]
[Site "Banska Stiavnica"]
[Date "2018.07.14"]
[Round "8"]
[White "Talla, Vladimir"]
[Black "Pacher, Milan"]
[Result "1/2-1/2"]
[WhiteElo "2402"]
[BlackElo "2467"]
[Annotator "TA"]
[PlyCount "39"]
[EventDate "2018.07.07"]
[EventType "swiss"]
[EventCountry "SVK"]
[SourceTitle "playchess.com"]
[Source "ChessBase"]
[SourceQuality "1"]

{[%evp 22,23,5,-6]} 1. d4 Nf6 2. Nf3 d5 3. c4 e6 4. Nc3 dxc4 5. e3 a6 6. a4 c5 7. Bxc4 Nc6 8. O-O cxd4 9. exd4 Be7 10. d5 exd5 11. Nxd5 Nxd5 12. Qxd5 {LiveBook: 8 Games. D27: Queen's Gambit Accepted: Classical main line: 7 e4!? and 7 a4} (12. Bxd5 O-O 13. Be3 Nb4 14. Bb3 Bf5 15. Nd4 Bd3 16. Re1 Bf6 17. Qd2 a5 18. Nb5 Bc2 19. Bc4 Bxb2 20. Rad1 Bxd1 21. Qxb2 Rc8 22. Qc3 Nd5 23. Bxd5 Rxc3 24. Nxc3 Bxa4 25. Ba2 Bc6 {0-1 (25) Lysyj,I (2617)-Naiditsch,A (2697) Mainz 2009}) {Predecessor:} 12... O-O $146 13. Qh5 Qd7 14. Be3 Qg4 15. Qxg4 Bxg4 16. Bd5 Bf6 17. Rad1 Rfe8 18. Rd2 Nb4 19. Bb3 Bxf3 20. gxf3 {½-½ (61) Kukov,V (2373)-Dobrev,N (2409) Plovdiv 2009} 1/2-1/2

[Event "SVK-ch Open 2018"]
[Site "Banska Stiavnica"]
[Date "2018.07.14"]
[Round "8"]
[White "Kantorik, Marian"]
[Black "Jozefek, Michal"]
[Result "0-1"]
[WhiteElo "2279"]
[BlackElo "2182"]
[Annotator "NA"]
[PlyCount "102"]
[EventDate "2018.07.07"]
[EventType "swiss"]
[EventCountry "SVK"]
[SourceTitle "playchess.com"]
[Source "ChessBase"]
[SourceQuality "1"]
[TimeControl "40/5400+30:1800+30"]

1. d4 {[%emt 0:00:00]} Nf6 {[%emt 0:00:00]} 2. c4 {[%emt 0:00:00]} e6 {[%emt 0:00:00]} 3. Nf3 {[%emt 0:00:26]} b6 {[%emt 0:00:58]} 4. a3 {[%emt 0:00:24]} Bb7 {[%emt 0:00:36]} 5. Nc3 {[%emt 0:00:15]} d5 {[%emt 0:00:07]} 6. cxd5 {[%emt 0:00:28]} exd5 {[%emt 0:01:10]} 7. Bg5 {[%emt 0:00:42]} Be7 {[%emt 0:00:20]} 8. e3 {[%emt 0:00:16]} O-O {[%emt 0:02:49]} 9. Bd3 {[%emt 0:00:49]} Nbd7 {[%emt 0:01:17] LiveBook: 45 Games} 10. O-O {[%emt 0:03:43]} Re8 {[%emt 0:02:23]} 11. Rc1 {[%emt 0:02:56]} c5 {[%emt 0:07:26]} 12. dxc5 {[%emt 0:05:38] D55: Queen's Gambit Declined: 4 Bg5 Be7: Lines without ...h6 and 6...h6 7 Bxf6} bxc5 {[%emt 0:00:13]} 13. Bb5 {[%emt 0:04:45]} (13. Qc2 g6 14. Rfd1 a6 15. Ne2 c4 16. Bxc4 dxc4 17. Qxc4 Qb6 18. b4 Rac8 {0-1 (27) Abdyjapar,A (2382)-Zhao,J (2604) Riadh 2017}) 13... Rb8 $146 {[%emt 0:03:33]} ({Predecessor:} 13... Rf8 14. Bf4 a6 15. Bxd7 Qxd7 16. Na4 Qb5 17. b4 Ne4 18. Nxc5 Bxc5 19. bxc5 Nxc5 {1-0 (29) Maiwald,J (2484)-Sandhu,M (2290) Austria 2007}) 14. b4 {[%emt 0:02:38]} d4 {[%emt 0:04:25]} 15. exd4 {[%emt 0:01:49]} Bxf3 {[%emt 0:05:07]} 16. gxf3 {[%emt 0:04:50]} cxb4 {[%emt 0:03:08]} 17. axb4 {[%emt 0:00:07]} Nh5 {[%emt 0:17:08]} 18. Bxe7 {[%emt 0:08:06]} Qxe7 {[%emt 0:00:09]} 19. Kh1 {[%emt 0:00:44]} Red8 {[%emt 0:02:58]} 20. Nd5 {[%emt 0:07:49]} Qd6 {[%emt 0:07:06]} 21. Bc6 {[%emt 0:02:30]} Nb6 {[%emt 0:03:07]} 22. Nxb6 {[%emt 0:06:44]} Rxb6 {[%emt 0:00:10]} 23. b5 {[%emt 0:00:26]} Qf4 {[%emt 0:04:41]} 24. d5 {[%emt 0:01:58]} a6 {[%emt 0:03:37]} 25. bxa6 {[%emt 0:03:03]} Rxa6 {[%emt 0:01:12]} 26. Qd3 {[%emt 0:01:25]} Ra2 {[%emt 0:01:23]} 27. Rce1 {[%emt 0:04:37]} Qh4 {[%emt 0:02:30]} 28. Re2 {[%emt 0:16:43]} Nf4 {[%emt 0:02:03]} 29. Re4 {[%emt 0:00:06]} Qg5 {[%emt 0:02:00]} 30. Rxf4 {[%emt 0:01:31]} Qxf4 {[%emt 0:00:02]} 31. Qe4 {[%emt 0:00:36]} Qf6 {[%emt 0:00:49]} 32. Re1 {[%emt 0:06:23]} g6 {[%emt 0:00:38]} 33. Kg2 {[%emt 0:00:44]} Qg5+ {[%emt 0:00:42]} 34. Qg4 {[%emt 0:02:16]} Qd2 {[%emt 0:00:12]} 35. Rf1 {[%emt 0:02:24]} Rd6 {[%emt 0:06:49]} 36. Qg3 {[%emt 0:06:01]} Rf6 {[%emt 0:00:25]} 37. Rb1 {[%emt 0:00:04]} Rf5 {[%emt 0:00:43]} 38. h4 {[%emt 0:00:17]} Qd3 {[%emt 0:02:28]} 39. Re1 {[%emt 0:03:25]} Rd2 {[%emt 0:02:46]} 40. Bb7 {[%emt 0:01:37]} Qa3 {[%emt 0:06:12]} 41. Re5 {[%emt 0:03:57]} Rf6 {[%emt 0:04:13]} 42. h5 {[%emt 0:01:59]} h6 {[%emt 0:02:39]} 43. Re4 {[%emt 0:02:27]} g5 $19 {[%emt 0:03:52]} 44. Bc6 {[%emt 0:05:17]} Rd1 {[%emt 0:01:18]} 45. Re3 {[%emt 0:11:57]} Qa1 {[%emt 0:01:55]} 46. Qh2 {[%emt 0:00:09]} Kg7 {[%emt 0:07:46]} 47. Rb3 {[%emt 0:00:40]} Rf4 {[%emt 0:04:30]} 48. Re3 {[%emt 0:01:43]} Qa6 {[%emt 0:02:06]} 49. Re4 {[%emt 0:02:16]} Qf1+ {[%emt 0:00:10]} 50. Kg3 {[%emt 0:00:20]} Rxe4 {[%emt 0:00:21]} 51. fxe4 {[%emt 0:00:29]} Rd3+ {[%emt 0:00:05]} 0-1

[Event "SVK-ch Open 2018"]
[Site "Banska Stiavnica"]
[Date "2018.07.14"]
[Round "8"]
[White "Franzen, Jozef"]
[Black "Szeberenyi, Adam"]
[Result "0-1"]
[WhiteElo "2258"]
[BlackElo "2364"]
[Annotator "NA"]
[PlyCount "74"]
[EventDate "2018.07.07"]
[EventType "swiss"]
[EventCountry "SVK"]
[SourceTitle "playchess.com"]
[Source "ChessBase"]
[SourceQuality "1"]
[TimeControl "40/5400+30:1800+30"]

1. Nf3 {[%emt 0:00:00]} Nf6 {[%emt 0:00:00]} 2. g3 {[%emt 0:00:00]} d5 {[%emt 0:00:00]} 3. Bg2 {[%emt 0:00:00]} c5 {[%emt 0:00:00]} 4. O-O {[%emt 0:00:00]} Nc6 {[%emt 0:00:00]} 5. d3 {[%emt 0:00:03]} ({Better is} 5. d4 $11) 5... Bg4 {[%emt 0:00:00]} 6. Nbd2 {[%emt 0:00:22]} e6 {[%emt 0:00:10]} 7. h3 {[%emt 0:01:31]} Bh5 {[%emt 0:00:36]} 8. c3 {[%emt 0:01:10]} Be7 {[%emt 0:00:35]} 9. e4 {[%emt 0:05:20] LiveBook: 9 Partien} O-O {[%emt 0:00:42]} 10. g4 {[%emt 0:02:09]} Bg6 {[%emt 0:02:47]} 11. Nh4 {[%emt 0:00:30]} dxe4 {[%emt 0:11:56] A08: King's Indian Attack} 12. Nxg6 {[%emt 0:01:40]} (12. dxe4 Bxe4 13. Nxe4 Nxe4 14. Bxe4 Bxh4 15. Qxd8 Rfxd8 16. Be3 Be7 17. f4 Rd7 18. Kf2 Rad8 19. Ke2 {0-1 (58) Angelov,A (2096)-Dimitrov,R (2427) Veliko Tarnovo 2013}) 12... hxg6 {[%emt 0:00:05]} 13. dxe4 {[%emt 0:00:09]} Nd7 $146 {[%emt 0:04:10]} ({Predecessor:} 13... Qc7 14. f4 b5 15. Qe2 c4 16. f5 exf5 17. exf5 Bc5+ 18. Kh1 Rae8 19. Ne4 Nxe4 20. Bxe4 Qe5 21. Re1 Qg3 22. Qf1 Bd6 23. Bf4 Bxf4 {0-1 (23) Flores Rios,M (2131)-Cornejo,M (2229) Balneario Camboriu 2005}) 14. f4 {[%emt 0:04:33]} Qc7 {[%emt 0:05:39]} 15. Nf3 {[%emt 0:06:37]} c4 {[%emt 0:02:58]} 16. Qe2 {[%emt 0:00:46]} b5 {[%emt 0:00:57]} 17. Be3 {[%emt 0:09:36]} Bc5 {[%emt 0:08:54]} 18. e5 {[%emt 0:01:55]} Qb6 {[%emt 0:09:04]} 19. Rfe1 $11 {[%emt 0:07:34]} Rad8 {[%emt 0:12:08]} 20. Ng5 {[%emt 0:01:37]} Bxe3+ {[%emt 0:01:45]} 21. Qxe3 {[%emt 0:00:02]} Ne7 {[%emt 0:11:37]} 22. b3 {[%emt 0:03:02]} Qxe3+ {[%emt 0:01:02]} 23. Rxe3 {[%emt 0:00:02]} Nc5 {[%emt 0:00:39]} 24. bxc4 {[%emt 0:00:18]} bxc4 {[%emt 0:00:03]} 25. Rb1 {[%emt 0:15:49]} Rb8 {[%emt 0:07:15]} 26. Rb4 {[%emt 0:00:39]} Rxb4 {[%emt 0:00:53]} 27. cxb4 {[%emt 0:00:02]} Nd3 {[%emt 0:00:07]} 28. b5 {[%emt 0:04:54]} Nd5 {[%emt 0:00:57]} 29. Bxd5 {[%emt 0:00:48]} exd5 {[%emt 0:00:05]} 30. Nf3 {[%emt 0:01:38]} Nxf4 {[%emt 0:00:36]} 31. Nd4 {[%emt 0:00:49]} Ne6 {[%emt 0:01:41]} 32. Nc6 {[%emt 0:02:36]} d4 {[%emt 0:01:04]} 33. Re4 {[%emt 0:00:25]} Ng5 {[%emt 0:00:22]} 34. Rxd4 {[%emt 0:01:15]} Nf3+ {[%emt 0:00:06]} 35. Kf2 {[%emt 0:00:04]} Nxd4 {[%emt 0:00:11]} 36. Nxd4 {[%emt 0:00:02]} Rd8 {[%emt 0:01:08]} 37. Ke3 {[%emt 0:01:01]} c3 {[%emt 0:00:04]} 0-1

[Event "SVK-ch Open 2018"]
[Site "Banska Stiavnica"]
[Date "2018.07.14"]
[Round "8"]
[White "Sarkozy, Ladislav"]
[Black "Bojda, Lubomir"]
[Result "1/2-1/2"]
[WhiteElo "2247"]
[BlackElo "2064"]
[Annotator "NA"]
[PlyCount "40"]
[EventDate "2018.07.07"]
[EventType "swiss"]
[EventCountry "SVK"]
[SourceTitle "playchess.com"]
[Source "ChessBase"]
[SourceQuality "1"]
[TimeControl "40/5400+30:1800+30"]

1. d4 {[%emt 0:00:00]} d5 {[%emt 0:00:18]} 2. c4 {[%emt 0:00:00]} c6 {[%emt 0:00:04]} 3. Nf3 {[%emt 0:00:04]} Nf6 {[%emt 0:00:05]} 4. e3 {[%emt 0:00:07]} e6 {[%emt 0:00:44]} 5. b3 {[%emt 0:00:34]} Bb4+ {[%emt 0:02:11]} 6. Nbd2 {[%emt 0:00:09]} O-O {[%emt 0:01:40]} 7. a3 {[%emt 0:01:30]} Bd6 {[%emt 0:00:05]} 8. Bd3 {[%emt 0:01:31]} Nbd7 {[%emt 0:00:21]} 9. Bb2 {[%emt 0:00:13]} Re8 {[%emt 0:02:05]} 10. Ne5 {[%emt 0:03:32]} c5 {[%emt 0:06:14]} 11. f4 {[%emt 0:04:34]} cxd4 {[%emt 0:12:52]} 12. exd4 {[%emt 0:01:09]} b6 {[%emt 0:07:42]} 13. O-O {[%emt 0:10:16]} Bb7 {[%emt 0:00:48]} 14. Qc2 {[%emt 0:04:37]} Rc8 {[%emt 0:01:03]} 15. Rae1 {[%emt 0:00:24]} Nf8 {[%emt 0:02:49]} 16. Re3 {[%emt 0:05:20]} dxc4 {[%emt 0:09:23]} 17. bxc4 {[%emt 0:03:28]} Nd5 $16 {[%emt 0:04:45]} 18. Rh3 {[%emt 0:02:52]} f5 {[%emt 0:03:11]} 19. Qa4 {[%emt 0:08:37]} Bxe5 {[%emt 0:07:47]} 20. fxe5 {[%emt 0:02:03]} Bc6 {[%emt 0:06:39]} 1/2-1/2